Statistics for Total Drama Island Elimination

Click here to take the quiz!

General Stats

  • This quiz has been taken 2,514 times
  • The average score is 18 of 27

Answer Stats

OrderAnswer% Correct
1Ezekiel
94%
2Eva
92%
3Noah
88%
4Justin
77%
5Katie
77%
Runner-UpGwen
72%
WinnerOwen
72%
6Tyler
71%
HostChris
70%
CookChef Hatchet
68%
22Heather
68%
21bDuncan
64%
9Beth
63%
7Izzy
63%
10Sadie
63%
8Cody
62%
11Courtney
61%
12Harold
61%
20LeShawna
60%
19Geoff
58%
17D.J.
56%
13Eva
54%
16Lindsay
54%
14Trent
54%
15Bridgette
53%
18Izzy
53%
21aMr. Coconut
42%

Score Distribution

Percentile by Number Answered

Percent of People with Each Score

Your Score History

You have not taken this quiz